[Event "26th EUR-ch"]
[Site "Katowice POL"]
[Date "2026.04.14"]
[Round "7.208"]
[White "Czyz, Andrzej"]
[Black "Flak, Pawel"]
[Result "0-1"]
[WhiteElo "1936"]
[BlackElo "2111"]
[EventDate "2026.04.07"]
[PlyCount "186"]

1.e4 e6 2.d4 b6 3.Bd3 Bb7 4.Nf3 Nf6 5.Qe2 d5 6.exd5 Qxd5 7.a3 Be7 8.Nc3 
Qh5 9.Bf4 Bd6 10.Bxd6 cxd6 11.O-O-O a6 12.Ne4 Nxe4 13.Bxe4 Bxe4 14.Qxe4 d5
15.Qe5 Qxe5 16.Nxe5 f6 17.Nd3 Nc6 18.Rhe1 Kf7 19.Nb4 Na5 20.b3 Rhc8 21.Kb2
Nb7 22.Re2 Nd6 23.Na2 Ra7 24.Rde1 Re8 25.f3 Rc7 26.c3 a5 27.a4 g5 28.Kc2 
Nf5 29.Kd3 Rc6 30.g3 Rec8 31.Rc2 h5 32.Rec1 Rd8 33.Rb1 g4 34.f4 h4 35.Rg1 
hxg3 36.hxg3 Rh8 37.Rcg2 Rh3 38.Nc1 Rc8 39.Ne2 Nh4 40.Rf2 Nf3 41.Rc1 Ke7 
42.Rff1 Kd6 43.Rh1 Rch8 44.Rxh3 Rxh3 45.Ke3 Nh4 46.Rg1 Nf5+ 47.Kf2 e5 48.
dxe5+ fxe5 49.fxe5+ Kxe5 50.Nf4 Rh2+ 51.Ng2 Nd6 52.Ke3 Ne4 53.Nf4 Rc2 54.
Nd3+ Kd6 55.Rh1 Nxg3 56.Rh6+ Kc7 57.Rh7+ Kd8 58.Kf4 Rxc3 59.Ne5 Ne2+ 60.
Kxg4 Rc7 61.Rh6 Rg7+ 62.Kf5 Nd4+ 63.Kf6 Rg8 64.Kf7 Rg5 65.Rd6+ Kc7 66.Rd7+
Kc8 67.Rxd5 Nxb3 68.Kf6 Rh5 69.Rb5 Nd4 70.Rxb6 Rf5+ 71.Ke7 Rxe5+ 72.Kd6 
Rh5 73.Rb1 Nf5+ 74.Kc6 Ne7+ 75.Kb6 Nd5+ 76.Ka6 Nc7+ 77.Kb6 Rh6+ 78.Kc5 Rh4
79.Ra1 Kb7 80.Rb1+ Ka7 81.Ra1 Rb4 82.Kc6 Rc4+ 83.Kd6 Kb7 84.Rb1+ Rb4 85.
Ra1 Na8 86.Kc5 Nb6 87.Rh1 Nxa4+ 88.Kd5 Kb6 89.Rh8 Nc3+ 90.Ke5 Kb5 91.Rc8 
Rc4 92.Rb8+ Ka6 93.Rh8 a4 0-1

[Event "26th EUR-ch"]
[Site "Katowice POL"]
[Date "2026.04.14"]
[Round "7.209"]
[White "Gajdzica, Maciej"]
[Black "Pietrzak, Wojciech"]
[Result "1-0"]
[WhiteElo "2110"]
[BlackElo "1854"]
[EventDate "2026.04.07"]
[PlyCount "127"]

1.d4 d5 2.c4 e6 3.Nc3 Nf6 4.cxd5 exd5 5.Bg5 c6 6.e3 Be7 7.Bd3 Nbd7 8.Nf3 
h6 9.Bf4 Nb6 10.h3 O-O 11.O-O Re8 12.Ne5 Be6 13.Rc1 Bd6 14.Bb1 Qe7 15.Bh2 
Nfd7 16.f4 f5 17.g4 Bxe5 18.dxe5 Rf8 19.Ne2 Nc4 20.Rxc4 dxc4 21.Nd4 Rad8 
22.gxf5 Bd5 23.Qg4 Nf6 24.Qh4 c5 25.Ne2 Rfe8 26.Ng3 Nd7 27.f6 Nxf6 28.Nf5 
Qf7 29.exf6 Qxf6 30.Qxf6 gxf6 31.Nxh6+ Kf8 32.Ng4 Kf7 33.Bg3 Rh8 34.Bf5 c3
35.bxc3 Bxa2 36.Rf2 Bc4 37.Kg2 Rd1 38.Bc2 Rc1 39.e4 Bf1+ 40.Kf3 Rxh3 41.
Ne3 Bb5 42.Kg4 Rh8 43.Rd2 Rg8+ 44.Kf3 c4 45.Nf5 Kf8 46.Rd8+ Kf7 47.Nh6+ 
Kg7 48.Nxg8 Rxc2 49.Bh4 Rxc3+ 50.Kg4 Rd3 51.Nxf6 Rxd8 52.Nh5+ Kf7 53.Bxd8 
c3 54.f5 Be2+ 55.Kh4 Bd3 56.Ng3 b5 57.Ba5 c2 58.Bd2 b4 59.Kg5 a5 60.e5 Bc4
61.Ne4 Bd5 62.Nc5 Bc4 63.e6+ Ke8 64.Kf6 1-0

[Event "26th EUR-ch"]
[Site "Katowice POL"]
[Date "2026.04.14"]
[Round "7.210"]
[White "Bubalovic, Davorin"]
[Black "Karpov, Vladyslav"]
[Result "1-0"]
[WhiteElo "2087"]
[BlackElo "1828"]
[EventDate "2026.04.07"]
[PlyCount "97"]

1.e4 c5 2.Nf3 d6 3.d4 cxd4 4.Nxd4 Nf6 5.Nc3 g6 6.Be3 Bg7 7.f3 O-O 8.Qd2 
Nc6 9.Bc4 Nd7 10.Bb3 Nb6 11.Nd5 Nxd5 12.exd5 Ne5 13.Bh6 Qb6 14.O-O-O Nd3+ 
15.Qxd3 Bxh6+ 16.Kb1 a5 17.a4 Bd7 18.h4 Bg7 19.g4 Rac8 20.h5 Qxd4 21.Qxd4 
Bxd4 22.Rxd4 Rc5 23.Re1 Re8 24.hxg6 fxg6 25.g5 b6 26.Rh4 Kg7 27.c4 e5 28.
Bc2 Rf8 29.Reh1 h5 30.gxh6+ Kh7 31.b3 Bf5 32.Be4 Bxe4+ 33.fxe4 Rf3 34.R4h3
Rf4 35.Rh4 g5 36.Rh5 g4 37.Rg5 Rc7 38.Rg1 Rxe4 39.R5xg4 Rxg4 40.Rxg4 Kxh6 
41.Rg8 Rg7 42.Rb8 Kg5 43.Rxb6 Kf4 44.Rxd6 Ke4 45.Re6 Kd4 46.Kb2 e4 47.d6 
e3 48.Re7 Rg2+ 49.Ka3 1-0

[Event "26th EUR-ch"]
[Site "Katowice POL"]
[Date "2026.04.14"]
[Round "7.211"]
[White "Zelak, Wladyslaw"]
[Black "Ghazarian, Raffi"]
[Result "0-1"]
[WhiteElo "1866"]
[BlackElo "2079"]
[EventDate "2026.04.07"]
[PlyCount "65"]

1.e4 c5 2.Nf3 d6 3.d3 g6 4.g3 Bg7 5.Bg2 Nc6 6.O-O Nf6 7.Re1 O-O 8.c3 e5 9.
a3 b5 10.b4 Be6 11.Nbd2 a5 12.bxa5 Qxa5 13.Bb2 Qa4 14.Qe2 h6 15.Nf1 Rad8 
16.Ne3 d5 17.exd5 Nxd5 18.c4 Nxe3 19.Qxe3 bxc4 20.Qxc5 cxd3 21.Nd2 Nd4 22.
Rad1 Rc8 23.Qb4 Ne2+ 24.Kf1 Qa7 25.Ba1 Rfd8 26.a4 Nd4 27.Bxd4 Rxd4 28.Qb5 
Bd7 29.Qb7 Qxb7 30.Bxb7 Rc7 31.Ba6 Bxa4 32.Nf3 Rd6 33.Ra1 0-1

[Event "26th EUR-ch"]
[Site "Katowice POL"]
[Date "2026.04.14"]
[Round "7.212"]
[White "Gikas, Andreas Basilius"]
[Black "Panasiuk, Piotr"]
[Result "0-1"]
[WhiteElo "2072"]
[BlackElo "1787"]
[EventDate "2026.04.07"]
[PlyCount "58"]

1.e4 c5 2.Nf3 d6 3.d4 cxd4 4.Nxd4 Nf6 5.Nc3 a6 6.Bg5 e6 7.Qf3 h6 8.Bh4 Bd7
9.O-O-O Nc6 10.Qe2 Qc7 11.f4 Be7 12.Bf2 b5 13.a3 Rc8 14.h3 g5 15.g3 Rg8 
16.Rg1 b4 17.Nxc6 bxc3 18.Nxe7 cxb2+ 19.Kb1 Kxe7 20.Bd4 Bb5 21.c4 Bxc4 22.
Bxf6+ Kxf6 23.Qxb2+ Ke7 24.Rc1 Rb8 25.Bxc4 Rxb2+ 26.Kxb2 Qb6+ 27.Ka1 Qd4+ 
28.Ka2 Qd2+ 29.Ka1 Rb8 0-1

[Event "26th EUR-ch"]
[Site "Katowice POL"]
[Date "2026.04.14"]
[Round "7.213"]
[White "Bognar, Csaba"]
[Black "Zielinski, Marcin"]
[Result "1/2-1/2"]
[WhiteElo "2057"]
[BlackElo "1784"]
[EventDate "2026.04.07"]
[PlyCount "80"]

1.d4 d5 2.c4 c6 3.Nf3 Nf6 4.e3 e6 5.Nbd2 Nbd7 6.Be2 Be7 7.O-O O-O 8.b3 b6 
9.Bb2 Bb7 10.Ne5 Rc8 11.Nd3 Qc7 12.Nf3 dxc4 13.bxc4 c5 14.Nfe5 cxd4 15.
exd4 Rfd8 16.f4 Ne4 17.Rc1 Qb8 18.Qe1 Qa8 19.h4 Nd6 20.Nxd7 Rxd7 21.d5 
Rxc4 22.Ne5 Rxc1 23.Qxc1 Rd8 24.Nc6 Bxc6 25.dxc6 Ne4 26.c7 Rc8 27.Be5 f6 
28.Qc4 Bc5+ 29.Kh2 fxe5 30.Qxe6+ Kh8 31.Bf3 Rxc7 32.Bxe4 Qc8 33.Qxe5 Re7 
34.Qf5 Qxf5 35.Bxf5 g6 36.Bb1 Kg7 37.g4 Re2+ 38.Kg3 Re3+ 39.Kg2 Re2+ 40.
Kg3 Re3+ 1/2-1/2

[Event "26th EUR-ch"]
[Site "Katowice POL"]
[Date "2026.04.14"]
[Round "7.214"]
[White "Omarsson, Josef"]
[Black "Babinska, Liwia"]
[Result "1-0"]
[WhiteElo "2045"]
[BlackElo "1763"]
[EventDate "2026.04.07"]
[PlyCount "99"]

1.d4 d5 2.c4 c6 3.e3 Nf6 4.Nc3 Bf5 5.Nf3 e6 6.Nh4 Bg6 7.Nxg6 hxg6 8.Bd2 
Nbd7 9.Qb3 Qb6 10.Be2 Be7 11.h3 Rc8 12.Qxb6 Nxb6 13.c5 Nbd7 14.b4 Ne4 15.
Nxe4 dxe4 16.b5 O-O 17.O-O f5 18.Rab1 Rb8 19.Bc4 Kf7 20.Rb3 Rfc8 21.Rfb1 
b6 22.bxc6 Rxc6 23.Bb5 Rc7 24.Bxd7 Rxd7 25.cxb6 Rxb6 26.Rxb6 axb6 27.Rxb6 
Ra7 28.Rb2 Ba3 29.Rc2 Rb7 30.Ba5 Bd6 31.g3 Ra7 32.Bd8 Ra8 33.Bg5 Ra6 34.
Rb2 Ra7 35.Kf1 Bc7 36.a4 Ba5 37.Bf4 Bc3 38.Rb3 Ba5 39.Bd6 Bd8 40.Bc5 Rd7 
41.Rb5 Be7 42.Bb6 Bd8 43.Bxd8 Rxd8 44.Ke2 Rc8 45.Kd2 Rc4 46.a5 Ra4 47.Kc3 
Ra2 48.Kb4 Rb2+ 49.Kc5 Rxf2 50.a6 1-0

[Event "26th EUR-ch"]
[Site "Katowice POL"]
[Date "2026.04.14"]
[Round "7.215"]
[White "Trybus, Dominika"]
[Black "Stan, Andrei-Mihaita"]
[Result "0-1"]
[WhiteElo "1841"]
[BlackElo "2038"]
[EventDate "2026.04.07"]
[PlyCount "64"]

1.e4 c5 2.Nf3 a6 3.d4 cxd4 4.Nxd4 Nf6 5.Nc3 e5 6.Nf3 Bb4 7.Bd2 O-O 8.Qe2 
d6 9.h3 Nc6 10.g4 Nd4 11.Qd3 Nxf3+ 12.Qxf3 d5 13.Nxd5 Bxd2+ 14.Kxd2 Be6 
15.c4 Bxd5 16.exd5 b5 17.b3 Qa5+ 18.Kc2 Rfc8 19.Qc3 Qb6 20.Rd1 Qxf2+ 21.
Rd2 Qf4 22.Qd3 bxc4 23.bxc4 Ne4 24.Rhh2 Nxd2 25.Rxd2 e4 26.Qe2 Rab8 27.Rd4
Qf6 28.Qd1 Qb6 29.Rxe4 Qb2+ 30.Kd3 Qxa2 31.d6 Qa3+ 32.Ke2 Rb2+ 0-1

[Event "26th EUR-ch"]
[Site "Katowice POL"]
[Date "2026.04.14"]
[Round "7.216"]
[White "Nguyen, Khoi"]
[Black "Sowa, Maciej"]
[Result "1-0"]
[WhiteElo "2037"]
[BlackElo "1544"]
[EventDate "2026.04.07"]
[PlyCount "55"]

1.c4 b6 2.d4 e6 3.a3 Bb7 4.Nc3 Nf6 5.d5 exd5 6.cxd5 Be7 7.e4 d6 8.Nf3 O-O 
9.Bd3 c5 10.O-O Ba6 11.a4 Bxd3 12.Qxd3 Nbd7 13.Nd2 Qc8 14.f4 a6 15.Nc4 Qb7
16.Qf3 b5 17.Na5 Qc8 18.Nc6 Bd8 19.axb5 axb5 20.Rxa8 Qxa8 21.Nxb5 Ne8 22.
e5 Bc7 23.e6 fxe6 24.dxe6 Nb6 25.Rd1 Rf6 26.f5 Qa4 27.Nxc7 Rxf5 28.Ne7+ 
1-0

[Event "26th EUR-ch"]
[Site "Katowice POL"]
[Date "2026.04.14"]
[Round "7.217"]
[White "Was, Stanislaw"]
[Black "Pozimski, Szymon"]
[Result "0-1"]
[WhiteElo "1806"]
[BlackElo "2025"]
[EventDate "2026.04.07"]
[PlyCount "78"]

1.e4 e6 2.Nf3 d5 3.e5 c5 4.b4 cxb4 5.a3 Nc6 6.axb4 Bxb4 7.c3 Be7 8.d4 h5 
9.h4 Nh6 10.Bg5 Nf5 11.Bd3 Bxg5 12.hxg5 g6 13.Na3 Rg8 14.Qb3 Nfe7 15.Nb5 
Kf8 16.Nd6 b6 17.Rh4 Kg7 18.Ke2 Bd7 19.Rah1 Nc8 20.Nxc8 Rxc8 21.g4 hxg4 
22.Rxg4 Qe7 23.Rh6 Na5 24.Qc2 Qa3 25.Bxg6 Bb5+ 26.Kd2 Nc4+ 27.Kd1 Qa1+ 28.
Qb1 Qxb1+ 29.Bxb1 Na3 30.Bh7 Rh8 31.Rgh4 Rxc3 32.Nd2 Rhc8 33.Nf3 Rxf3 34.
Be4 dxe4 35.Rh7+ Kg6 36.R4h6+ Kf5 37.Rh4 Ba4+ 38.Ke1 Rc1+ 39.Kd2 Rc2+ 0-1

[Event "26th EUR-ch"]
[Site "Katowice POL"]
[Date "2026.04.14"]
[Round "7.218"]
[White "Portelli, Matthew"]
[Black "Chmiel, Dominika"]
[Result "1-0"]
[WhiteElo "2213"]
[BlackElo "1932"]
[EventDate "2026.04.07"]
[PlyCount "73"]

1.e4 e5 2.Nf3 Nc6 3.Nc3 Nf6 4.a3 d5 5.Bb5 Nxe4 6.Qe2 Qd6 7.Nxe4 dxe4 8.
Qxe4 Bd7 9.d4 O-O-O 10.dxe5 Nxe5 11.Bxd7+ Qxd7 12.Be3 Ng4 13.Ne5 Nxe5 14.
Qxe5 Kb8 15.O-O Qc6 16.c4 Bd6 17.Qc3 Rhe8 18.Rad1 Qe4 19.Rfe1 Qg6 20.Rd5 
c6 21.Rdd1 Bc7 22.g3 h5 23.Rd4 Rc8 24.Rd7 Ka8 25.Red1 Qf5 26.Qxg7 h4 27.
Rxf7 Qe4 28.Qd4 Qxd4 29.Bxd4 hxg3 30.hxg3 Re4 31.Kg2 b6 32.Bc3 Rxc4 33.
Rdd7 Bb8 34.Be5 Re8 35.Bxb8 Kxb8 36.Rb7+ Kc8 37.Rxa7 1-0

[Event "26th EUR-ch"]
[Site "Katowice POL"]
[Date "2026.04.14"]
[Round "7.219"]
[White "Damaso Tacoronte, Carolina"]
[Black "Latzke, Boris"]
[Result "0-1"]
[WhiteElo "1918"]
[BlackElo "2173"]
[EventDate "2026.04.07"]
[PlyCount "78"]

1.d4 Nf6 2.c4 e6 3.Nf3 b6 4.g3 Ba6 5.b3 Bb4+ 6.Bd2 Be7 7.Bg2 c6 8.Nc3 d5 
9.cxd5 cxd5 10.Ne5 Nfd7 11.f4 Nxe5 12.dxe5 Nc6 13.O-O O-O 14.Kh1 Rc8 15.
Re1 Rc7 16.a3 Qd7 17.b4 Nd4 18.e3 Nf5 19.Rc1 Rfc8 20.e4 dxe4 21.Nxe4 Bb7 
22.Rxc7 Rxc7 23.Bc1 Bd5 24.Bb2 Qc8 25.Bf3 Rd7 26.Qc1 Qb7 27.Bg2 h6 28.Qc3 
Rc7 29.Qd2 Rc4 30.Qd3 Qc6 31.Kg1 b5 32.Kh1 Bd8 33.Qb1 Bb6 34.Qd3 Rc2 35.
Ba1 Rc1 36.Qe2 Ne3 37.Nf6+ gxf6 38.Bxd5 Qxd5+ 39.Kg1 Rxe1+ 0-1

[Event "26th EUR-ch"]
[Site "Katowice POL"]
[Date "2026.04.14"]
[Round "7.220"]
[White "Madera, Mateusz"]
[Black "Helis, Tadeusz"]
[Result "1/2-1/2"]
[WhiteElo "1902"]
[BlackElo "2141"]
[EventDate "2026.04.07"]
[PlyCount "62"]

1.d4 Nf6 2.Nf3 g6 3.c4 c5 4.Nc3 cxd4 5.Nxd4 Nc6 6.e4 d6 7.Be2 Nxd4 8.Qxd4 
Bg7 9.O-O O-O 10.Qe3 Ng4 11.Qd2 Be6 12.h3 Ne5 13.b3 Nc6 14.Bb2 Qa5 15.Rfd1
Qe5 16.Bd3 Qh5 17.Be2 Qh4 18.Qe3 Bh6 19.Qd3 Ne5 20.Qg3 Qxg3 21.fxg3 Bg7 
22.Kh1 Nc6 23.Rab1 f5 24.Nd5 Rac8 25.Bxg7 Kxg7 26.Nf4 Nd8 27.e5 dxe5 28.
Rxd8 exf4 29.Rxf8 Rxf8 30.gxf4 Rd8 31.Rd1 Rxd1+ 1/2-1/2

[Event "26th EUR-ch"]
[Site "Katowice POL"]
[Date "2026.04.14"]
[Round "7.221"]
[White "Madrawski, Krzysztof"]
[Black "Kasperczyk, Szymon"]
[Result "1-0"]
[WhiteElo "2132"]
[BlackElo "1910"]
[EventDate "2026.04.07"]
[PlyCount "107"]

1.d4 Nf6 2.c4 e6 3.Nf3 b6 4.Nc3 Bb7 5.a3 Ne4 6.Nxe4 Bxe4 7.Nd2 Bb7 8.e4 
Qf6 9.d5 d6 10.Bd3 Nd7 11.Nf3 h6 12.O-O e5 13.b4 g5 14.Be3 c5 15.bxc5 dxc5
16.Qa4 Bd6 17.Nd2 Qe7 18.Rfb1 O-O 19.Qd1 Bc8 20.a4 a5 21.h4 Kg7 22.Ra3 Bc7
23.Bc2 f6 24.Nf1 Rd8 25.Ng3 Nf8 26.Nf5+ Bxf5 27.exf5 Nh7 28.Be4 Rd6 29.Bd2
Rg8 30.Rg3 Kf8 31.Qh5 Qg7 32.f4 Bd8 33.Re1 Be7 34.Bc2 Rd8 35.hxg5 hxg5 36.
fxe5 fxe5 37.Qg6 Bf6 38.Rh3 Rh8 39.Rb1 Rd6 40.Kf2 Be7 41.Qxg7+ Kxg7 42.
Rbh1 Bf6 43.Rh6 Rdd8 44.Be4 Rd6 45.Kg3 Rdd8 46.Kg4 Rdg8 47.d6 Rd8 48.Rg6+ 
Kf8 49.Rxh7 Rxh7 50.Rxf6+ Rf7 51.Rh6 Kg7 52.Bxg5 Rh8 53.f6+ Kg8 54.Bd5 1-0

[Event "26th EUR-ch"]
[Site "Katowice POL"]
[Date "2026.04.14"]
[Round "7.222"]
[White "Pyrek, Marcin"]
[Black "Atienza Alvarez, Javier"]
[Result "1/2-1/2"]
[WhiteElo "1855"]
[BlackElo "2126"]
[EventDate "2026.04.07"]
[PlyCount "129"]

1.d4 Nf6 2.c4 e6 3.Nf3 d5 4.Nc3 Bb4 5.Bg5 h6 6.Bxf6 Qxf6 7.e3 dxc4 8.Qa4+ 
Nc6 9.Bxc4 O-O 10.O-O a6 11.Ne4 Qe7 12.a3 Bd6 13.Rfd1 Bd7 14.Qc2 Rae8 15.
Nxd6 cxd6 16.Rd2 Rc8 17.Qd1 Na5 18.Ba2 Qf6 19.Rc1 Ba4 20.Qe1 Bb3 21.Rxc8 
Rxc8 22.Bxb3 Nxb3 23.Rd3 Rc1 24.Rd1 Rxd1 25.Qxd1 Na5 26.Qc2 Nc6 27.h3 Qd8 
28.b4 Qb6 29.Nd2 Qb5 30.Qc4 Qa4 31.Qb3 Qb5 32.Qc4 Qh5 33.Nf3 Qf5 34.Nd2 
Kf8 35.f3 Ke7 36.Kf2 Kd7 37.Qc3 Qb5 38.Qc4 Qg5 39.Ne4 Qh4+ 40.Kf1 Ne7 41.
b5 Nd5 42.Ke2 f5 43.bxa6 bxa6 44.Nc3 Nxc3+ 45.Qxc3 Qg5 46.Kf2 f4 47.exf4 
Qxf4 48.Qd3 Qh4+ 49.Kf1 Qg5 50.Qxa6 Qc1+ 51.Ke2 Qc2+ 52.Ke3 Qc3+ 53.Qd3 
Qe1+ 54.Qe2 Qc1+ 55.Kf2 Qxa3 56.Qd2 Qb3 57.Qe3 Qc2+ 58.Kg3 Qg6+ 59.Kf2 
Qc2+ 60.Kg3 Qf5 61.Kf2 Kc6 62.Qc3+ Kd5 63.Qb3+ Kxd4 64.Qb4+ Kd5 65.Qb5+ 
1/2-1/2

[Event "26th EUR-ch"]
[Site "Katowice POL"]
[Date "2026.04.14"]
[Round "7.223"]
[White "Marcos Herrero, Francisco"]
[Black "Lorenz, Roger"]
[Result "0-1"]
[WhiteElo "1854"]
[BlackElo "2118"]
[EventDate "2026.04.07"]
[PlyCount "102"]

1.c4 Nf6 2.g3 e6 3.Bg2 d5 4.d4 dxc4 5.Nf3 c5 6.O-O Nc6 7.Ne5 Bd7 8.Na3 
cxd4 9.Naxc4 Bc5 10.Bg5 O-O 11.Nxd7 Qxd7 12.Bxf6 gxf6 13.Qc1 Be7 14.Qh6 
Ne5 15.Be4 Ng6 16.Rad1 Rfd8 17.e3 Qb5 18.b3 Bf8 19.Qh3 f5 20.Bc2 Bg7 21.e4
fxe4 22.Bxe4 f5 23.Bd3 Qd5 24.f4 b5 25.Nd2 Rac8 26.Nf3 Bf6 27.Qh5 Rc7 28.
Rfe1 Rg7 29.Kf2 Rc8 30.Qh3 Rc3 31.Qf1 a6 32.Qe2 Re7 33.h4 Nf8 34.Ng5 h6 
35.Nf3 Nd7 36.Kg1 Kh8 37.Ne5 Nf8 38.Qh5 Rh7 39.Qe8 Qd8 40.Nf7+ Rxf7 41.
Qxf7 Bg7 42.Qb7 Qd6 43.Qf3 Nd7 44.Qa8+ Kh7 45.Qe8 Nc5 46.Rxe6 Qxe6 47.Qxe6
Nxe6 48.Bxf5+ Kh8 49.Bxe6 Rxg3+ 50.Kf2 Rc3 51.Ke2 Re3+ 0-1

[Event "26th EUR-ch"]
[Site "Katowice POL"]
[Date "2026.04.14"]
[Round "7.224"]
[White "Wojtowicz, Marek"]
[Black "Tashkinova, Sofiia"]
[Result "1/2-1/2"]
[WhiteElo "1836"]
[BlackElo "2105"]
[EventDate "2026.04.07"]
[PlyCount "121"]

1.e4 e6 2.d4 d5 3.Nd2 c5 4.Ngf3 cxd4 5.exd5 Qxd5 6.Bc4 Qd6 7.O-O Nf6 8.Nb3
Nc6 9.Nbxd4 Nxd4 10.Qxd4 Qxd4 11.Nxd4 Bc5 12.Nb3 Bb6 13.Be2 Bd7 14.Bf3 Rc8
15.c3 Bc6 16.Bxc6+ Rxc6 17.Bf4 Ke7 18.Rad1 Nd5 19.Be5 f6 20.Bd4 h5 21.Rfe1
Rd8 22.Bxb6 Rxb6 23.Nd4 Rd7 24.c4 Nc7 25.b3 g6 26.Nf3 Rbd6 27.Rxd6 Rxd6 
28.Re2 Rd1+ 29.Re1 Rd3 30.Kf1 g5 31.Ke2 Rd6 32.Rd1 Ra6 33.Rd2 e5 34.Kd3 g4
35.Nh4 Rd6+ 36.Ke3 Rxd2 37.Kxd2 Ke6 38.b4 Ne8 39.Ke3 f5 40.g3 Nd6 41.Kd3 
Ne4 42.f3 Ng5 43.Ke3 Nf7 44.c5 a6 45.a3 gxf3 46.Nxf3 Kd5 47.Nh4 Nh6 48.h3 
a5 49.Ng6 axb4 50.axb4 Ng8 51.Kd3 e4+ 52.Kc3 Nf6 53.Ne7+ Ke6 54.Ng6 Nd5+ 
55.Kd4 Nxb4 56.Nf4+ Kf7 57.Nxh5 Nc6+ 58.Ke3 Ne5 59.g4 fxg4 60.hxg4 Nxg4+ 
61.Kd4 1/2-1/2

[Event "26th EUR-ch"]
[Site "Katowice POL"]
[Date "2026.04.14"]
[Round "7.225"]
[White "Zawisza, Alan"]
[Black "Duda, Aleksandra"]
[Result "1-0"]
[WhiteElo "2007"]
[BlackElo "1878"]
[EventDate "2026.04.07"]
[PlyCount "87"]

1.e4 e6 2.d4 d5 3.Nc3 Bb4 4.e5 c5 5.Bd2 Bxc3 6.Bxc3 cxd4 7.Qxd4 Ne7 8.Nf3 
Nbc6 9.Qg4 O-O 10.Bd3 Nf5 11.O-O-O Qb6 12.Qh3 Nb4 13.Bxb4 Qxb4 14.Kb1 Qf4 
15.Bxf5 Qxf5 16.Qxf5 exf5 17.Rxd5 Be6 18.Rd6 Bc4 19.b3 Ba6 20.Nd4 g6 21.
Rd1 Rfe8 22.f4 Rac8 23.c4 Re7 24.Nc2 b6 25.Rd8+ Kg7 26.Nb4 Bb7 27.Rxc8 
Bxc8 28.Rd8 Be6 29.Nd5 Rd7 30.Rxd7 Bxd7 31.Kc2 Bc6 32.Kc3 Kf8 33.Kd4 Ke8 
34.g3 h5 35.b4 Kd7 36.b5 Bb7 37.c5 bxc5+ 38.Kxc5 Ke6 39.Nb4 Kd7 40.Nc6 Kc7
41.Nxa7 Be4 42.a4 Kb7 43.Nc6 Kc7 44.a5 1-0

[Event "26th EUR-ch"]
[Site "Katowice POL"]
[Date "2026.04.14"]
[Round "7.226"]
[White "Wesolowski, Jeremi"]
[Black "Varney, Zoe"]
[Result "1-0"]
[WhiteElo "1828"]
[BlackElo "1988"]
[EventDate "2026.04.07"]
[PlyCount "67"]

1.e4 e5 2.Nf3 Nf6 3.Nxe5 d6 4.Nf3 Nxe4 5.Nc3 Nxc3 6.dxc3 Be7 7.Bd3 O-O 8.
Be3 Nd7 9.Qd2 Nf6 10.O-O-O Re8 11.h3 c5 12.c4 b5 13.cxb5 a6 14.a3 Qb6 15.
bxa6 Bxa6 16.c4 Reb8 17.Qc2 Bb7 18.Rhe1 Bc6 19.Rd2 Rb7 20.Rde2 Qa7 21.Bd2 
h6 22.Bc3 d5 23.cxd5 Nxd5 24.Be5 Ba4 25.Qc4 Nf6 26.Qf4 Qb6 27.Nh4 Nd7 28.
Qe4 g6 29.Nxg6 fxg6 30.Qd5+ Kf8 31.Bc4 Bg5+ 32.f4 Nf6 33.Bxf6 Bxf4+ 34.Kb1
1-0

[Event "26th EUR-ch"]
[Site "Katowice POL"]
[Date "2026.04.14"]
[Round "7.227"]
[White "Malinowski, Damian"]
[Black "Biela, Jan"]
[Result "1/2-1/2"]
[WhiteElo "1984"]
[BlackElo "1805"]
[EventDate "2026.04.07"]
[PlyCount "85"]

1.c4 e6 2.Nf3 d5 3.e3 Nf6 4.b3 Be7 5.Bb2 O-O 6.Be2 c5 7.O-O Nc6 8.d4 cxd4 
9.Nxd4 Nxd4 10.Bxd4 b6 11.Bf3 Ba6 12.Nd2 Rc8 13.Rc1 Qd6 14.Re1 e5 15.Bb2 
Rfd8 16.cxd5 Nxd5 17.Rxc8 Bxc8 18.Nc4 Qe6 19.e4 Ne3 20.Qc1 Nxc4 21.bxc4 
Ba6 22.Be2 f6 23.h3 Qc6 24.Ba3 Bc5 25.Bxc5 Qxc5 26.Rd1 Rd4 27.Rxd4 exd4 
28.a4 Bc8 29.Bd3 Bd7 30.Qa1 Be6 31.Qc1 a6 32.Qc2 Qb4 33.Kf1 Bd7 34.e5 fxe5
35.Bxh7+ Kh8 36.Be4 Be6 37.Bd3 e4 38.Qe2 exd3 39.Qh5+ Kg8 40.Qe8+ Kh7 41.
Qh5+ Kg8 42.Qe8+ Kh7 43.Qh5+ 1/2-1/2

[Event "26th EUR-ch"]
[Site "Katowice POL"]
[Date "2026.04.14"]
[Round "7.228"]
[White "Krzeszewski, Filip"]
[Black "Pousada Garcia, Victor Daniel"]
[Result "0-1"]
[WhiteElo "1759"]
[BlackElo "1984"]
[EventDate "2026.04.07"]
[PlyCount "106"]

1.e4 e5 2.Nf3 Nf6 3.Nxe5 d6 4.Nf3 Nxe4 5.d4 d5 6.Bd3 Bd6 7.O-O O-O 8.c4 c6
9.Nc3 Nxc3 10.bxc3 dxc4 11.Bxc4 Qf6 12.Bg5 Qg6 13.Re1 Bg4 14.Be7 Bxe7 15.
Rxe7 b5 16.Bxf7+ Rxf7 17.Re8+ Rf8 18.Qb3+ Qf7 19.Rxf8+ Kxf8 20.Qxf7+ Kxf7 
21.Ne5+ Ke6 22.Nxg4 Nd7 23.Re1+ Kd6 24.f4 Nb6 25.Ne5 Nd5 26.Nf7+ Kd7 27.
Ne5+ Kc7 28.Nd3 Nxc3 29.Re7+ Kd6 30.Rxg7 Nxa2 31.Rxh7 a5 32.g4 Nc3 33.Ne5 
Ne2+ 34.Kf2 Nxd4 35.Ke3 Nb3 36.Rh6+ Kd5 37.Nxc6 a4 38.Nb4+ Kc4 39.Na2 Nc5 
40.Rb6 Re8+ 41.Kf3 Nd3 42.f5 b4 43.Nxb4 Nxb4 44.f6 a3 45.Rb7 Ra8 46.Rc7+ 
Kd5 47.g5 a2 48.Rc1 Ke6 49.Re1+ Kf7 50.h4 a1=Q 51.Re7+ Kf8 52.h5 Qd1+ 53.
Re2 Ra2 0-1

[Event "26th EUR-ch"]
[Site "Katowice POL"]
[Date "2026.04.14"]
[Round "7.229"]
[White "Gawronski, Michal"]
[Black "Hlavacek, Pavel"]
[Result "1-0"]
[WhiteElo "1717"]
[BlackElo "1982"]
[EventDate "2026.04.07"]
[PlyCount "113"]

1.d4 d5 2.Nf3 Nf6 3.Bf4 e6 4.e3 Bd6 5.Bg3 c5 6.Nbd2 O-O 7.c3 b6 8.Bd3 Bb7 
9.Ne5 Qc7 10.Rc1 Nbd7 11.Nxd7 Qxd7 12.Nf3 Rac8 13.Ne5 Qc7 14.Ng4 Nd7 15.
Bxd6 Qxd6 16.h4 f5 17.Nh2 cxd4 18.exd4 e5 19.O-O e4 20.Be2 g6 21.f4 Nf6 
22.Rf2 Rfe8 23.Nf1 e3 24.Rf3 Ng4 25.Qe1 Re4 26.Qg3 Rxd4 27.Nxe3 Rd2 28.Rc2
Rxc2 29.Nxc2 Re8 30.Nd4 Qc5 31.Kf1 Qe7 32.Kg1 Qe4 33.Bd3 Qe7 34.Rf1 Kf7 
35.Bb5 Qe3+ 36.Qxe3 Rxe3 37.Be2 Nf6 38.Bf3 Re7 39.Rd1 a6 40.Nc2 a5 41.Nd4 
Ne4 42.a4 h5 43.Nb5 Ke6 44.Be2 Nd6 45.Nd4+ Kd7 46.Bf3 Ne4 47.c4 Kd6 48.
Nb5+ Kc5 49.cxd5 Bxd5 50.Be2 Ng3 51.Bd3 Bb3 52.Rc1+ Kb4 53.Nd4 Kxa4 54.
Ra1+ Ba2 55.Rxa2+ Kb4 56.Nc6+ Kb3 57.Bc4+ 1-0

[Event "26th EUR-ch"]
[Site "Katowice POL"]
[Date "2026.04.14"]
[Round "7.230"]
[White "Truchel, Tomasz"]
[Black "Uzun, Kuzey"]
[Result "1-0"]
[WhiteElo "1698"]
[BlackElo "1982"]
[EventDate "2026.04.07"]
[PlyCount "49"]

1.e4 e6 2.d4 d5 3.exd5 exd5 4.c4 Nf6 5.Nf3 Bb4+ 6.Bd2 Nc6 7.Bxb4 Nxb4 8.
Be2 Bf5 9.Qa4+ Nc6 10.cxd5 Nxd5 11.Nc3 Nf4 12.O-O O-O 13.Ba6 Qf6 14.Bxb7 
Bd7 15.Bxa8 Nxg2 16.Qb5 Nf4 17.Ne4 Qe6 18.Ng3 Nxd4 19.Nxd4 Qh3 20.Qg5 Rxa8
21.Qxf4 c5 22.Ndf5 Bc6 23.Ne7+ Kh8 24.Nxc6 Qg2+ 25.Kxg2 1-0

[Event "26th EUR-ch"]
[Site "Katowice POL"]
[Date "2026.04.14"]
[Round "7.231"]
[White "Smolin, Sergey"]
[Black "Ciupek, Oskar"]
[Result "1-0"]
[WhiteElo "1962"]
[BlackElo "1682"]
[EventDate "2026.04.07"]
[PlyCount "119"]

1.e4 e5 2.Bc4 Nf6 3.d3 Nc6 4.a4 d5 5.exd5 Nxd5 6.Nc3 Bb4 7.Bd2 Bxc3 8.bxc3
O-O 9.Nf3 Bg4 10.h3 Bh5 11.a5 Qd7 12.Qe2 Rae8 13.g4 Bg6 14.Nh4 Nf4 15.Qf3 
e4 16.Qxf4 exd3+ 17.Be3 Be4 18.O-O dxc2 19.Nf5 Re5 20.Ng3 Bg6 21.a6 b6 22.
Rac1 Ra5 23.Bb3 Ne5 24.Bxc2 Qc6 25.Be4 Qb5 26.Bd4 Nd3 27.Bxd3 Qxd3 28.Rfd1
Qxa6 29.Qxc7 Qb5 30.Be3 Qe8 31.Bd4 Qa8 32.Re1 Qf3 33.Re3 Qd5 34.Rce1 Qb5 
35.Re7 h6 36.R7e5 Qa4 37.Rxa5 Qxa5 38.Re7 Qa1+ 39.Kh2 Qa5 40.Qxa7 Qg5 41.
Qc7 Qd2 42.Qe5 f6 43.Qe3 Qc2 44.Bxb6 Rc8 45.Bd4 Bf7 46.Nf5 Qb3 47.Qf4 Qb8 
48.Qxb8 Rxb8 49.Kg3 Rb5 50.Kf4 Kf8 51.Rc7 h5 52.Rxf7+ Kxf7 53.Nd6+ Ke6 54.
Nxb5 g5+ 55.Kf3 hxg4+ 56.hxg4 f5 57.gxf5+ Kxf5 58.Nd6+ Ke6 59.Ne4 Kf5 60.
Nxg5 1-0

[Event "26th EUR-ch"]
[Site "Katowice POL"]
[Date "2026.04.14"]
[Round "7.232"]
[White "Chmiel, Pawel"]
[Black "Janik, Albert"]
[Result "1-0"]
[WhiteElo "1949"]
[BlackElo "1668"]
[EventDate "2026.04.07"]
[PlyCount "103"]

1.e4 c6 2.d4 d5 3.e5 c5 4.c3 Nc6 5.Be2 Bf5 6.Nf3 cxd4 7.cxd4 e6 8.O-O Bb4 
9.Nc3 Nge7 10.a3 Ba5 11.Nb5 O-O 12.Nd6 Qd7 13.Be3 a6 14.b4 Bb6 15.b5 axb5 
16.Bxb5 f6 17.Qb3 Ba7 18.Rfc1 fxe5 19.Nxf5 Nxf5 20.Bxc6 bxc6 21.Nxe5 Qe7 
22.Nxc6 Qh4 23.Nxa7 Rxa7 24.Qb6 Raf7 25.Qxe6 Nxe3 26.fxe3 Qf2+ 27.Kh1 Kh8 
28.h3 Rf6 29.Qxd5 Qxe3 30.a4 Rh6 31.Qf5 Rhf6 32.Qe5 Qd3 33.Rd1 Qb3 34.a5 
Rf5 35.Rdb1 Qf7 36.Qg3 Qa7 37.a6 R5f6 38.Qd3 Qa8 39.a7 Rf2 40.d5 Rd8 41.
Qb5 Rf5 42.Qc6 Rff8 43.Ra6 h6 44.Rb7 Rc8 45.Qd7 Rc1+ 46.Kh2 Rh1+ 47.Kxh1 
Rf1+ 48.Kh2 Qg8 49.a8=Q Rf8 50.Rxh6+ gxh6 51.Qxf8 h5 52.Qh7# 1-0

[Event "26th EUR-ch"]
[Site "Katowice POL"]
[Date "2026.04.14"]
[Round "7.233"]
[White "Zyznowski, Adam"]
[Black "Wasiluk, Mateusz"]
[Result "0-1"]
[WhiteElo "1599"]
[BlackElo "1933"]
[EventDate "2026.04.07"]
[PlyCount "80"]

1.d4 Nf6 2.c4 e6 3.Nf3 b6 4.g3 Ba6 5.b3 Bb4+ 6.Nbd2 Bb7 7.Bg2 Bc3 8.Rb1 
Bxd4 9.O-O Bc5 10.Bb2 O-O 11.Qc2 Be7 12.Bxf6 Bxf6 13.Ng5 Bxg5 14.Bxb7 Nc6 
15.Bxa8 Qxa8 16.Nf3 Bf6 17.Qe4 Nd4 18.Qd3 Nxf3+ 19.Qxf3 Qxf3 20.exf3 Rd8 
21.Rbc1 c5 22.Rfd1 Kf8 23.Kf1 Ke7 24.Ke2 d5 25.cxd5 exd5 26.f4 Kd6 27.a4 
a6 28.Rc2 d4 29.Kd3 Kd5 30.g4 Be7 31.Re1 Bd6 32.f5 Rb8 33.Rec1 b5 34.axb5 
axb5 35.Ra2 c4+ 36.bxc4+ bxc4+ 37.Kc2 d3+ 38.Kd1 Bf4 39.Rca1 c3 40.h4 Rc8 
0-1